Catálogo

LA RABIDA Y EL DESCUBRIMIENTO DE AMERICA (Registro nro. 36118)

Detalles MARC
000 -LEADER
fixed length control field 00436nam a2200157 a 4500
001 - CONTROL NUMBER
control field 36118
005 - DATE AND TIME OF LATEST TRANSACTION
control field 20180714004610.0
008 - FIXED-LENGTH DATA ELEMENTS--GENERAL INFORMATION
fixed length control field 140415s1968 000 0 spa d
041 ## - LANGUAGE CODE
Language code of text/sound track or separate title spa
082 ## - DEWEY DECIMAL CLASSIFICATION NUMBER
Classification number 946.042
Item number RUM
100 1# - MAIN ENTRY--PERSONAL NAME
Personal name RUMEU DE ARMAS, ANTONIO
245 13 - TITLE STATEMENT
Title LA RABIDA Y EL DESCUBRIMIENTO DE AMERICA
260 ## - PUBLICATION, DISTRIBUTION, ETC.
Place of publication, distribution, etc. [s.l.] :
Name of publisher, distributor, etc. ICHM,
Date of publication, distribution, etc. 1968
300 ## - PHYSICAL DESCRIPTION
Extent 180
650 14 - SUBJECT ADDED ENTRY--TOPICAL TERM
Topical term or geographic name entry element AMERICA
General subdivision DESCUBRIMIENTO Y EXPLORACIONES
Existencias
Withdrawn status Lost status Source of classification or shelving scheme Damaged status Not for loan Collection code Home library Current library Shelving location Date acquired Source of acquisition Inventory number Total Checkouts Full call number Barcode Date last seen Price effective from Koha item type
    Dewey Decimal Classification     General Biblioteca Karol Wojtyla Biblioteca Karol Wojtyla Sala general 03/12/2013 Compra 151000000000000000035911   946.042 RUM 5446 05/01/2026 03/12/2013 Libro